000 00228nam a2200097Ia 4500
001 788032
005 20250826170351.0
008 250824s9999 xx 000 0 und d
245 0 _aYÜZYÜZ
_cLEO LİONNİ
260 _bELMA YAYINLARI
999 _c788032
_d788032